[Event "Olympiad Women 2024"]
[Site "Budapest HUN"]
[Date "2024.09.16"]
[Round "6.37"]
[Board "3"]
[White "Padilla Garcia, Cecilia Xasive"]
[Black "Chong, Kimberly"]
[Result "1/2-1/2"]
[WhiteElo "1954"]
[BlackElo "1779"]
[PlyCount "108"]
[EventDate "2024.09.11"]
[WhiteTeam "Mexico"]
[BlackTeam "Wales"]
[WhiteTeamCountry "MEX"]
[BlackTeamCountry "WLS"]

1. e4 {Metz Alekhine/Primel,D} d5 2. exd5 Qxd5 3. Nc3 Qd8 ({RR} 3... Qd6 4. d4 Nf6 5. Nf3 c6 6. Ne5 Nbd7 7. Nc4 Qc7 8. Qf3 Nb6 9. Bf4) 4. d4 Nf6 5. Nf3 Bg4 6. h3 Bxf3 7. Qxf3 c6 8. Be3 e6 9. O-O-O ({RR} 9. Bd3 Nbd7 10. O-O-O ({RR} 10. O-O)) 9... Bb4 10. Bg5 ({RR} 10. Bd2) 10... Bxc3 11. Qxc3 Ne4 12. Bxd8 Nxc3 13. bxc3 Kxd8 14. c4 ({RR} 14. Be2 Nd7 15. Bf3 Nb6 16. Kd2 Ke7 17. Ke2 Rad8 18. Rb1 Rd7 19. Rb3 Nd5 20. g3 Rhd8 21. c4 Nb6 22. c5 Nd5 23. c4 Nf6 24. Rhb1 Rxd4 25. Rxb7+ Kf8 26. Rxa7 Rxc4 27. Rbb7 Rc2+ 28. Kf1 Rdd2 {1-0 Kyaw,M (2033)-Menahem,A (2134) Titled Tue 21st May Early 2024 (9)}) 14... Ke7 15. c3 $146 ({RR} 15. g3 Nd7 16. c3 Rac8 ({RR} 16... Rhe8 17. Bg2 Kf8 ({RR} 17... Rad8 18. Kc2 Kd6 ({RR} 18... Nb6) 19. Rhe1 Kc7) 18. Rhe1 Rad8) 17. Bg2 Rhd8 18. Kc2 Nf6 19. Rhe1 b6 20. Rd2 Kf8 21. Red1 Ke7 22. Re1 Kf8 {½-½ Crut,A (2367)-Roesch,M (2022) Metz op 31th 2013 (4)}) 15... Rd8 16. Be2 Nd7 17. Rhe1 Kf8 18. Kc2 Rac8 19. Rb1 Rc7 20. Red1 Nf6 21. Bf3 Rdd7 22. a4 Ke7 23. a5 a6 24. g4 g5 25. h4 h6 26. hxg5 hxg5 27. Rh1 Rd8 28. Rh6 Rg8 29. Kd3 Rg7 30. Rh8 Rg8 31. Rxg8 Nxg8 32. d5 Rd7 33. Ke3 cxd5 34. cxd5 exd5 35. c4 dxc4 36. Rxb7 Nf6 37. Rxd7+ Kxd7 38. Kd4 c3 39. Kxc3 Kd6 40. Kd4 Nd7 41. Be2 Nc5 42. Bc4 f6 43. Bd5 Nd7 44. f3 Nc5 45. Bc4 Nb7 46. Bxa6 Nxa5 47. Ke4 Nc6 48. Kf5 Ke7 49. Bb7 Nd4+ 50. Ke4 Ne6 51. Bd5 Nc5+ 52. Kf5 Nd7 53. Bc6 Ne5 54. Ba8 Nd7 1/2-1/2

[Event "Olympiad Women 2024"]
[Site "Budapest HUN"]
[Date "2024.09.16"]
[Round "6.37"]
[Board "4"]
[White "Kong, Emma Zihan"]
[Black "Tec Rodas, Sofia Isavelina"]
[Result "0-1"]
[WhiteElo "1747"]
[BlackElo "1800"]
[PlyCount "92"]
[EventDate "2024.09.11"]
[WhiteTeam "Wales"]
[BlackTeam "Mexico"]
[WhiteTeamCountry "WLS"]
[BlackTeamCountry "MEX"]

1. d4 d5 2. c4 c6 3. cxd5 cxd5 4. Nc3 Nc6 5. Nf3 Nf6 6. Bf4 e6 7. e3 Be7 8. Bb5 ({RR} 8. Ne5 Nd7 9. Nf3 a6 10. Rc1 O-O 11. Bd3 Re8 12. O-O Bf6 13. Bb1 Nb6 14. Qe2 Bd7 15. Rfd1 Rc8 16. e4 Nxd4 17. Nxd4 e5 18. Qd3 g6 19. Be3 {½-½ Kacheishvili,G (2598)-Shabalov,A (2534) Chicago op 21st 2012 (3)}) ({RR} 8. Rc1 Nh5 9. Be5 Nf6 10. a3 Bd7 11. Bd3 a6 12. O-O Rc8 13. b4 Na7 14. Qb3 O-O 15. Na4 Bc6 16. h3 Ne4 17. Rc2 f5 18. Nc5 Nxc5 19. dxc5 Qe8 20. Qb2 Bf6 21. Bxf6 Rxf6 22. Ne5 Ba4 {1-0 Steiners,E (2021)-Delaney,J (2217) Gonzaga Classic Masters 2024 (3.6)}) 8... Bd7 9. Bxc6 $146 ({RR} 9. O-O O-O 10. Rc1 a6 11. Bxc6 Bxc6 12. Ne5 Rc8 13. Na4 Bxa4 14. Qxa4 Nh5 15. Bg3 Nxg3 16. hxg3 Bd6 17. Nf3 h6 18. Rc2 Rxc2 19. Qxc2 Qd7 20. Rc1 Qe7 21. a3 Ra8 22. Ne5 Rd8 23. Qb3 g6 {½-½ Egorov,Z-Kachkina,E (2079) St Petersburg White Nights op1 2002 (8)}) ({RR} 9. O-O O-O 10. Bxc6 Bxc6 11. Ne5 Qb6 12. Qe2 {½-½ Gagunashvili,M (2582)-Smeets,J (2511) Groningen Harmonie 2003 (9)}) 9... bxc6 10. O-O c5 11. dxc5 Bxc5 12. a3 a5 13. Rc1 Be7 14. Nd4 O-O 15. Ncb5 Bxb5 16. Nxb5 a4 17. Qe2 Ne4 18. Rc6 Nc5 19. Rc1 Nb3 20. R1c2 Na5 21. Bc7 Qd7 22. Bxa5 Rxa5 23. Nd4 Bd6 24. Qd2 Raa8 25. Nb5 Be5 26. f4 Qb7 27. Nc7 Bxc7 28. Rxc7 Qb3 29. R7c3 Qb6 30. Rc6 Qb3 31. Qd4 h6 32. R6c3 Qb5 33. e4 dxe4 34. Rg3 g6 35. Qxe4 Kg7 36. Qd4+ Kg8 37. Rc7 Qf5 38. Rc5 Qb1+ 39. Kf2 Rad8 40. Qc3 Qd1 41. Rf3 Rd2+ 42. Kg3 Qe2 43. Kh4 Qxg2 44. h3 Rf2 45. Rxf2 Qxf2+ 46. Qg3 Qxc5 0-1

[Event "Olympiad Women 2024"]
[Site "Budapest HUN"]
[Date "2024.09.16"]
[Round "6.38"]
[Board "1"]
[White "February, Jesse Nikki"]
[Black "De Blecourt, Sandra"]
[Result "1/2-1/2"]
[WhiteElo "2013"]
[BlackElo "2065"]
[PlyCount "67"]
[EventDate "2024.09.11"]
[WhiteTeam "South Africa"]
[BlackTeam "Denmark"]
[WhiteTeamCountry "RSA"]
[BlackTeamCountry "DEN"]

1. e4 c5 2. Nf3 Nc6 3. d4 cxd4 4. Nxd4 Nf6 5. Nc3 e5 6. Ndb5 d6 7. Bg5 a6 8. Na3 b5 9. Nd5 Be7 10. Bxf6 Bxf6 11. c4 b4 12. Nc2 a5 13. g3 Bg5 14. h4 Bh6 15. Bh3 ({RR} 15. Qd3 O-O 16. Nce3 Nd4 17. O-O-O Bg4 18. Rd2 Bf3 19. Rg1 b3 20. a3 f5 21. exf5 Bxd5 22. Nxd5 Bxd2+ 23. Kxd2 Rxf5 24. f4 Rf8 25. Bg2 Ra7 26. Be4 g6 27. Kc1 Ne6 28. Qxb3 Nc5 29. Qc2 Rb7 {½-½ Nepomniachtchi,I (2770)-Gukesh,D (2763) SuperUnited CRO Blitz 2024 (12.5)}) 15... O-O ({RR} 15... Be6 16. Bxe6 fxe6 17. Qh5+ Kf8 18. Qf3+ Ke8 19. Nde3 Qf6 20. Qe2 Bxe3 21. Qxe3 Nd4 22. O-O-O Nxc2 23. Kxc2 Rc8 24. Rxd6 Rxc4+ 25. Kb1 Ke7 26. Rhd1 Rhc8 27. Qa7+ Kf8 28. f3 R4c7 29. Qxa5 Qxf3 30. Qxb4 {1-0 Marrujo Pardo,M (2337)-Rodriguez,M (2157) 53rd Mar Del Plata Open 2024 (3.10)}) 16. Bxc8 Rxc8 17. Qh5 $146 ({RR} 17. Kf1 Ne7 18. Nxe7+ Qxe7 19. Qd3 Qb7 20. b3 f5 21. Qd5+ Qxd5 22. exd5 Bd2 23. a4 bxa3 24. Ke2 Bb4 25. Nxa3 f4 26. Nb5 f3+ 27. Kd3 e4+ 28. Ke3 Rb8 29. Rhb1 Rfe8 30. Nd4 Bc5 31. Rxa5 Kf7 {1-0 Lebzak,Y (1936)-Gusarov,A (2253) Cheliabinsk Panchenko Memorial op-A 2020 (7)}) ({RR} 17. g4 Bf4 18. Qf3 Re8 19. b3 Re6 20. g5 Ne7 21. Nce3 Nc6 22. Nf5 Ra8 23. Rd1 a4 24. Nxf4 exf4 25. Qxf4 Ne5 26. c5 axb3 27. axb3 Ra3 28. Rh3 Ng6 29. Qe3 d5 30. Rxd5 Ra1+ 31. Kd2 Ra2+ {1-0 Anghel,I (2063)-Maresanu,M (1877) Romanian Rapid Open 2022 (6)}) 17... Nb8 18. b3 Nd7 19. g4 Bf4 20. g5 f5 21. exf5 Rxf5 22. Qg4 Rf7 23. Rd1 Rc5 24. O-O Nb6 25. Nxb6 Qxb6 26. Qe6 e4 27. Rd5 Rxd5 28. Qxd5 Bg3 29. h5 Bxf2+ 30. Kg2 g6 31. Qa8+ Rf8 32. Qd5+ Rf7 33. Qa8+ Rf8 34. Qd5+ 1/2-1/2

[Event "Olympiad Women 2024"]
[Site "Budapest HUN"]
[Date "2024.09.16"]
[Round "6.38"]
[Board "2"]
[White "Kakulidis, Ellen"]
[Black "Badenhorst, Chloe"]
[Result "1/2-1/2"]
[WhiteElo "2048"]
[BlackElo "1981"]
[PlyCount "175"]
[EventDate "2024.09.11"]
[WhiteTeam "Denmark"]
[BlackTeam "South Africa"]
[WhiteTeamCountry "DEN"]
[BlackTeamCountry "RSA"]

1. d4 d5 2. c4 e6 3. g3 a6 ({RR} 3... Bb4+ 4. Bd2 Qe7 5. Bg2 Nc6 6. e3 Bxd2+ 7. Qxd2 Nf6 8. Ne2 Ne4 9. Qc1 Qb4+ 10. Nbc3 Nxc3 11. Qxc3 Qxc3+ 12. Nxc3 Nb4 13. Ke2 c6 14. b3 Ke7 15. Rac1 Rd8 16. f4 f5 17. h3 Bd7 18. a3 {1-0 Kozul,Z (2589)-Kurajica,B (2522) CRO-ch Bjelovar 2019 (5)}) 4. Bg2 dxc4 5. Nf3 b5 6. O-O $146 ({RR} 6. Ne5 c6 7. Nxc6 Qb6 8. Ne5 Bb7 9. Bxb7 Qxb7 10. O-O Nc6 11. Nxc6 Qxc6 12. Bd2 Nf6 13. Ba5 h5 14. h4 g5 15. hxg5 h4 16. gxf6 hxg3 17. d5 Qd6 18. dxe6 g2 19. Qxd6 gxf1=Q+ 20. Kxf1 Bxd6 {0-1 Maslov,I (2073)-Popov,M (2218) RUS-chT U20 Kaliningrad 2013 (7)}) ({RR} 6. Ne5 c6 7. O-O Bb7 8. a4 Nf6 9. b3 cxb3 10. Bb2 Bd6 11. Qxb3 Nfd7 12. Nd3 O-O 13. Nc3 Qb6 14. Rfc1 a5 15. Ne4 Be7 16. Nec5 b4 17. Qc4 Ba6 18. Qb3 Bxd3 19. Nxd3 Ra7 20. Qc4 Rc7 {1-0 Miosi,M (2097)-Centamore,A (2164) 83rd ch-ITA Semi-Final 2024 (6.14)}) ({RR} 6. Ne5 c6 7. Nxc6 Qb6 8. Nxb8 Rxb8 9. O-O Bb7 10. e4 Nf6 11. Nc3 Rd8 12. Be3 Qc7 13. Qc2 Be7 14. Rfd1 O-O 15. a3 Ng4 16. Bc1 e5 17. Nd5 Bxd5 18. exd5 exd4 19. Rxd4 f5 20. Bf4 Qb6 {0-1 Nelson,O (1966)-Ruane,B (1868) GBR-ch Major 105th 2018 (3)}) 6... Bb7 7. b3 cxb3 8. Qxb3 Nf6 9. Bb2 Nbd7 10. Rd1 Bd5 11. Qc2 Be4 12. Qd2 c6 13. Nc3 Bd5 14. Qc2 b4 15. Nb1 c5 16. dxc5 Bxc5 17. Nbd2 Rc8 18. Qd3 Qb6 19. e3 O-O 20. Nb3 Be7 21. Bd4 Qb7 22. Ne1 Bxg2 23. Nxg2 e5 24. Bb2 Rfd8 25. Rac1 Rxc1 26. Rxc1 Qb6 27. Qc4 a5 28. Nh4 a4 29. Nd2 Nc5 30. Ndf3 e4 31. Ne5 Rd5 32. Bd4 Qe6 33. f4 exf3 34. Nhxf3 h6 35. Rb1 Bd6 36. Rxb4 Ncd7 37. Nxd7 Nxd7 38. Rxa4 Qe4 39. Qe2 Rf5 40. Nh4 Rg5 41. Nf3 Rf5 42. Nd2 Qc6 43. Rc4 Qa6 44. Qg4 Ne5 45. Qxf5 Nxc4 46. Qd3 Qxa2 47. Nxc4 Bf8 48. Ne5 Qa5 49. Qf1 Qa2 50. Qf5 Qb3 51. Kg2 Qd5+ 52. Kg1 Qa2 53. Qf1 Qe6 54. Qb1 Bd6 55. Qb2 f6 56. Nd3 Qe4 57. Qb3+ Kh7 58. Nf2 Qc6 59. Qb1+ Kh8 60. Qf5 Qc1+ 61. Kg2 Qc6+ 62. Qe4 Qb5 63. Nd3 f5 64. Qa8+ Kh7 65. Nf4 Bxf4 66. exf4 Qe2+ 67. Bf2 Qc2 68. Qd5 Kh8 69. Qf3 Kh7 70. h3 Kg8 71. g4 Kh7 72. Qd5 fxg4 73. hxg4 Kh8 74. Qe5 Qd2 75. Qe8+ Kh7 76. Qe4+ Kh8 77. Kg3 Qc3+ 78. Qe3 Qc4 79. Qd4 Qf7 80. Qd8+ Kh7 81. Qd3+ Kg8 82. Bd4 h5 83. g5 Qd7 84. f5 Qd5 85. f6 Qxg5+ 86. Kh2 gxf6 87. Qc4+ Kg7 88. Qc7+ 1/2-1/2

[Event "Olympiad Women 2024"]
[Site "Budapest HUN"]
[Date "2024.09.16"]
[Round "6.38"]
[Board "3"]
[White "Klaasen, Robyn Julian"]
[Black "Guindy, Esmat Susanne"]
[Result "1-0"]
[WhiteElo "1764"]
[BlackElo "2015"]
[PlyCount "81"]
[EventDate "2024.09.11"]
[WhiteTeam "South Africa"]
[BlackTeam "Denmark"]
[WhiteTeamCountry "RSA"]
[BlackTeamCountry "DEN"]

1. d4 d5 2. Nf3 Bf5 3. c4 e6 4. g3 Nf6 5. Bg2 c6 6. Qb3 Qb6 7. Nc3 Nbd7 8. O-O Be7 9. Re1 ({RR} 9. c5 Qxb3 10. axb3 O-O 11. b4 a6 12. Nd2 Bc2 13. Nf3 Rac8 14. Bf4 h6 15. h3 g5 16. Bd2 Bg6 17. Rfd1 Ne4 18. Be1 Bf6 19. e3 Bg7 20. h4 f6 21. hxg5 hxg5 22. Bh3 Rce8 23. Nd2 Nxd2 {½-½ Mchedlishvili,M (2625)-Zhigalko,S (2656) ESP-chT CECLUB Honor 2010 (2)}) 9... O-O ({RR} 9... dxc4 10. Qxc4 O-O 11. e4 Bg6 12. h3 Qb4 13. Qe2 Qb6 {½-½ Hurtado Henao,P (1882)-Suarez Flores,J (1716) 17th American Cont Blitz 2024 (3.98)}) 10. Qa4 $146 ({RR} 10. Qxb6 Nxb6 11. Ne5 Rad8 12. Bf4 h6 13. Rad1 Bc2 14. Rd2 Bh7 15. Rdd1 g5 16. Bc1 Nxc4 17. Nxc4 dxc4 18. e4 b5 19. a3 a5 20. h4 b4 21. axb4 axb4 22. hxg5 hxg5 23. Na4 Nd7 24. Bf1 Ra8 {0-1 Hema,P (1885)-Olsarova,K (2282) Wch U20 Girls 29th 2011 (11)}) ({RR} 10. Bg5 h6 11. Bf4 Rac8 12. h3 Bh7 13. Nd2 Rfd8 14. Be3 Qa6 15. a3 Nb6 16. cxd5 Nfxd5 17. Nxd5 cxd5 18. Rac1 Bd6 19. Bf3 Qa4 20. Qxa4 Nxa4 21. b4 Bc2 22. Bf4 Bxf4 23. gxf4 Rc3 24. Nf1 Rdc8 {½-½ Kahleys,K (2181)-Lock,A (2002) GER-chT U20 Osnabrueck 2012 (2.3)}) 10... dxc4 11. Qxc4 Ne4 12. e3 Rfd8 13. Nh4 Nd6 14. Qe2 Bxh4 15. gxh4 h6 16. e4 Bh7 17. Be3 Qa5 18. a3 Nf8 19. Kh1 Bg6 20. Bf3 f5 21. e5 Ne4 22. h5 Nxc3 23. bxc3 Be8 24. Rg1 Kh7 25. Qc2 Qc7 26. Rg3 Rd7 27. Qb3 Rf7 28. Bf4 Rd8 29. Rd1 Rfd7 30. Rdg1 Re7 31. Qc2 Nd7 32. Qc1 Nf8 33. Qe3 c5 34. d5 exd5 35. e6 Qc8 36. Rxg7+ Rxg7 37. Rxg7+ Kxg7 38. Qe5+ Kg8 39. e7 Bf7 40. exf8=Q+ Rxf8 41. Bxh6 1-0

[Event "Olympiad Women 2024"]
[Site "Budapest HUN"]
[Date "2024.09.16"]
[Round "6.38"]
[Board "4"]
[White "Durrfeld, Sofie Bech"]
[Black "Nel, Hayley"]
[Result "1/2-1/2"]
[WhiteElo "1937"]
[BlackElo "1753"]
[PlyCount "108"]
[EventDate "2024.09.11"]
[WhiteTeam "Denmark"]
[BlackTeam "South Africa"]
[WhiteTeamCountry "DEN"]
[BlackTeamCountry "RSA"]

1. e4 c6 2. d4 d5 3. e5 Bf5 4. h4 Qb6 5. g4 Bd7 6. c4 dxc4 7. Bxc4 e6 8. Nc3 Ne7 9. Nge2 c5 $146 ({RR} 9... Nd5 10. O-O Qd8 11. g5 h6 12. Ng3 hxg5 13. hxg5 Rh4 14. f4 b5 15. Bxd5 cxd5 16. Be3 g6 17. Rc1 Qb6 18. f5 Nc6 19. fxg6 fxg6 20. Rxf8+ Kxf8 21. Qf3+ Ke8 22. Rf1 Kd8 23. Qf8+ Kc7 24. Qd6+ {1-0 Frick,R (2014)-Nachtkamp,H (2091) WchT Seniors 50 2016 (3.1)}) 10. dxc5 Qxc5 11. Ne4 Qa5+ 12. Bd2 Qxe5 13. Qc2 Bc6 14. f3 Nd5 15. O-O-O Nd7 16. Bxd5 Qxd5 17. N2c3 Qe5 18. Rhe1 Qh2 19. h5 h6 20. Re2 Qh3 21. Qd3 O-O-O 22. Bf4 Qh4 23. Rh2 Nc5 24. Qc2 Rxd1+ 25. Qxd1 Qd8 26. Rd2 Qb6 27. Be3 Be7 28. Bf2 Qa5 29. Kb1 Nxe4 30. Nxe4 Bxe4+ 31. fxe4 Rd8 32. Rxd8+ Qxd8 33. Qxd8+ Bxd8 34. Kc2 a6 35. Kd3 Bf6 36. b3 Kd7 37. a4 Be5 38. Kc4 Ke7 39. Kc5 Bc7 40. Bh4+ Kd7 41. Be1 b6+ 42. Kc4 Kc6 43. Bd2 Bd6 44. Bc3 g6 45. Bg7 Bf4 46. Bf8 gxh5 47. gxh5 f5 48. exf5 exf5 49. Kd4 Bg5 50. Ke5 f4 51. Ke4 b5 52. axb5+ Kxb5 53. Bd6 a5 54. Kf3 Kc6 1/2-1/2

[Event "Olympiad Women 2024"]
[Site "Budapest HUN"]
[Date "2024.09.16"]
[Round "6.39"]
[Board "1"]
[White "Stojkovska, Monika"]
[Black "Samaganova, Aleksandra"]
[Result "1/2-1/2"]
[WhiteElo "2043"]
[BlackElo "1948"]
[PlyCount "73"]
[EventDate "2024.09.11"]
[WhiteTeam "North Macedonia"]
[BlackTeam "Kyrgyzstan"]
[BlackTeamCountry "KGZ"]

1. d4 e6 2. c4 f5 3. Nf3 Nf6 4. g3 Be7 5. Bg2 O-O 6. O-O d6 7. Nc3 Ne4 8. Qc2 Nxc3 9. bxc3 Nc6 10. d5 Na5 11. dxe6 Bxe6 12. Nd4 Bxc4 13. Nxf5 Bf6 14. Rb1 Rb8 15. Ne3 Bf7 16. Be4 h6 17. c4 $146 ({RR} 17. Nd5 Re8 18. Be3 b6 19. Rfd1 Nc4 20. Bg6 Bxg6 21. Qxg6 Nxe3 22. Nxe3 Bg5 23. Nd5 Rxe2 24. f4 Qf8 25. Nxc7 Bf6 26. Nd5 Rbe8 27. Kf1 Qf7 28. Nxf6+ Qxf6 29. Qxf6 gxf6 30. Re1 {½-½ Wewers,R (2182)-Fleischer,F (2206) Langenwang op 2014 (4)}) 17... Nc6 18. Nd5 Nd4 19. Qd3 Ne6 20. Be3 b6 21. Qc2 a5 22. Qd2 Bg5 23. f4 Bf6 24. Bg2 Nc5 25. Bd4 Bxd4+ 26. Qxd4 Ne6 27. Qc3 Bh5 28. e4 c5 29. Bf3 Bxf3 30. Qxf3 Nd4 31. Qg4 Qe8 32. Rfe1 Nc2 33. Re2 Nd4 34. Ree1 Nc2 35. Re2 Nd4 36. Ree1 Nc2 37. Re2 1/2-1/2

[Event "Olympiad Women 2024"]
[Site "Budapest HUN"]
[Date "2024.09.16"]
[Round "6.39"]
[Board "2"]
[White "Zhanybekova, Begimay"]
[Black "Manova, Ivana"]
[Result "0-1"]
[WhiteElo "1784"]
[BlackElo "2031"]
[PlyCount "102"]
[EventDate "2024.09.11"]
[WhiteTeam "Kyrgyzstan"]
[BlackTeam "North Macedonia"]
[WhiteTeamCountry "KGZ"]

1. e4 e5 2. Nf3 Nc6 3. d4 exd4 4. Nxd4 Bc5 5. Nb3 Bb6 6. Nc3 d6 7. Qe2 Nge7 8. Be3 O-O 9. O-O-O Qe8 ({RR} 9... Be6 10. f4 Kh8 11. Kb1 Qe8 12. Bxb6 axb6 13. g4 f6 14. h4 Qf7 15. f5 Bxb3 16. cxb3 Ne5 17. g5 Rad8 18. Bg2 Rd7 19. Rhf1 Rfd8 20. Qe3 Re8 21. Qg3 Red8 22. Qe3 Re8 23. Qg3 Red8 24. Rd2 {½-½ Radjabov,T (2748)-Tomashevsky,E (2701) EU-Cup 26th Plovdiv 2010 (5.2)}) ({RR} 9... f5 10. f4 fxe4 11. Nxe4 Bg4 12. Qxg4 Bxe3+ 13. Kb1 Bxf4 14. Nbc5 Bh6 15. Bc4+ Kh8 16. Bb3 Ng6 17. Ne6 Qc8 18. Qg3 Re8 19. N4g5 Nce5 20. h4 a5 21. a4 Nf8 22. Nf4 Qd7 23. Rde1 Bxg5 24. hxg5 {½-½ Juhasz,B (2258)-Tubak,D (2209) HUN-chT 2122 2021 (6.11)}) 10. f3 f5 11. exf5 $146 ({RR} 11. Bxb6 axb6 12. Kb1 Qf7 13. Nb5 Ng6 14. g3 fxe4 15. fxe4 Nge5 16. h3 Be6 17. Qe3 Na5 18. N5d4 Nac4 19. Qc3 Bd7 20. Bxc4 Qxc4 21. Qxc4+ Nxc4 22. g4 Rae8 23. Rhe1 Rf4 24. Nf5 Rfxe4 25. Rxe4 Rxe4 {0-1 Zholdoshmamatov,A (1513)-Villca,J (2335) World ol U16 2017 (1.12)}) 11... Bxf5 12. g4 Bd7 13. Kb1 Ne5 14. Bg2 Bc6 15. Rhf1 N7g6 16. Bh1 Bxe3 17. Qxe3 Nxf3 18. Qc1 Nxh2 19. Rfe1 Ne5 20. Nd5 Qf7 21. Be4 Nexg4 22. Ne7+ Kh8 23. Nxc6 bxc6 24. Bxc6 Rab8 25. Qg5 Ne5 26. Bd5 Nhf3 27. Qc1 Qf4 28. Rh1 Qxc1+ 29. Kxc1 Rf4 30. Nd2 Nxd2 31. Rxd2 Rbf8 32. Rh3 c6 33. Bg2 Rf2 34. Be4 Rf1+ 35. Rd1 g6 36. Rc3 d5 37. Bg2 Rxd1+ 38. Kxd1 Rf2 39. Re3 Nc4 40. Re8+ Kg7 41. b3 Kf7 42. Re1 Rxg2 43. bxc4 Rg4 44. cxd5 Rd4+ 45. Kc1 cxd5 46. Re3 a5 47. Rb3 h5 48. Rb5 a4 49. c3 Rc4 50. Rxd5 Rxc3+ 51. Kb2 Rc4 0-1

[Event "Olympiad Women 2024"]
[Site "Budapest HUN"]
[Date "2024.09.16"]
[Round "6.39"]
[Board "3"]
[White "Zhezhovska, Monika"]
[Black "Lesbekova, Assel"]
[Result "1/2-1/2"]
[WhiteElo "2106"]
[BlackElo "1903"]
[PlyCount "119"]
[EventDate "2024.09.11"]
[WhiteTeam "North Macedonia"]
[BlackTeam "Kyrgyzstan"]
[BlackTeamCountry "KGZ"]

1. d4 Nf6 2. c4 e6 3. Nc3 Bb4 4. Qc2 d5 5. cxd5 exd5 6. Bg5 Be6 7. e3 Nbd7 ({RR} 7... h6 8. Bh4 c6 9. Bd3 Nbd7 10. Nf3 O-O 11. h3 Bd6 12. O-O Qc7 13. Bxf6 Nxf6 14. Rac1 Qe7 15. a3 a5 16. Na4 Nd7 17. Rfe1 Qf6 18. Nd2 Rfe8 19. Nb3 Qh4 20. Bf1 Qh5 21. Nbc5 Nxc5 22. Nxc5 {0-1 Shuvalov,E (1993)-Schnaider,I (2395) Titled Tue 18th Jun Early 2024 (3)}) 8. Nf3 ({RR} 8. a3 Bxc3+ 9. Qxc3 h6 10. Bh4 Rc8 11. Bd3 Ne4 12. Bxd8 Nxc3 13. Bh4 Ne4 14. Ne2 g5 15. Bg3 Nxg3 16. Nxg3 c5 17. dxc5 Nxc5 18. Rd1 O-O 19. h4 d4 20. exd4 Nxd3+ 21. Rxd3 Rc1+ 22. Rd1 Rxd1+ {½-½ Donchenko,A (2559)-Short,N (2698) Douglas IoM op 2017 (6)}) 8... c5 $146 ({RR} 8... c6 9. Bd3 O-O 10. Bxh7+ Kh8 11. Bd3 c5 12. dxc5 Nxc5 13. O-O Rc8 14. Nd4 Nxd3 15. Qxd3 Bxc3 16. bxc3 Bg4 17. h3 Bh5 18. f4 Qd6 19. Bxf6 Qxf6 20. f5 Qe5 21. Rf4 g5 22. fxg6 Bxg6 23. Qd2 {0-1 Kecskes,G (2220)-Rothfuss,O Eger Agria op 1993 (1)}) ({RR} 8... h6 9. Bh4 O-O 10. a3 Be7 11. Bd3 c5 12. dxc5 Nxc5 13. O-O Rc8 14. Nd4 Bd6 15. Bg3 Bxg3 16. hxg3 Ng4 17. Be2 Nf6 18. Rac1 Qb6 19. Qb1 Nce4 20. Nxe4 dxe4 21. Nxe6 Qxe6 {½-½ Shmeliov,D (2461)-Belous,V (2533) Charlotte CCCSA Winter GM 2019 (5)}) 9. dxc5 Qa5 10. Bd3 Ne4 11. O-O Nxc3 12. bxc3 Bxc5 13. Nd4 Bxd4 14. cxd4 h6 15. Bf4 O-O 16. Rab1 Rfc8 17. Qe2 Nb6 18. Qh5 Qa3 19. Rbd1 Qf8 20. g4 Rc6 21. g5 g6 22. Qxh6 Qxh6 23. gxh6 Bh3 24. Rfe1 Bg4 25. Rc1 Rac8 26. e4 Be6 27. e5 Rc3 28. Bb1 Na4 29. Rxc3 Nxc3 30. Kg2 b6 31. h4 b5 32. a3 Rc4 33. Be3 Ra4 34. Bd3 Rxa3 35. h5 Kh7 36. Rh1 Ne4 37. hxg6+ fxg6 38. Bxb5 Bf5 39. Bc6 Nc3 40. Rc1 Be4+ 41. Kh3 Ne2 42. Rc5 Ra1 43. Kh4 Rg1 44. Bxd5 g5+ 45. Bxg5 Rh1+ 46. Kg4 Rg1+ 47. Kh5 Rh1+ 48. Bh4 Bxd5 49. Rc7+ Kg8 50. h7+ Kh8 51. Kg4 Rg1+ 52. Bg3 Be6+ 53. Kg5 Rh1 54. Rxa7 Rxh7 55. Ra8+ Kg7 56. Ra7+ Kg8 57. Ra8+ Kf7 58. Ra7+ Kg8 59. Ra8+ Kf7 60. Ra7+ 1/2-1/2

[Event "Olympiad Women 2024"]
[Site "Budapest HUN"]
[Date "2024.09.16"]
[Round "6.39"]
[Board "4"]
[White "Sezdbekova, Aizhan"]
[Black "Eftovska, Lea"]
[Result "1-0"]
[WhiteElo "1799"]
[BlackElo "1839"]
[PlyCount "57"]
[EventDate "2024.09.11"]
[WhiteTeam "Kyrgyzstan"]
[BlackTeam "North Macedonia"]
[WhiteTeamCountry "KGZ"]

1. e4 e5 2. Nc3 Nf6 3. f4 d6 4. Nf3 Nbd7 5. d3 ({RR} 5. fxe5 dxe5 6. Bc4 Bc5 7. d3 O-O 8. Bg5 c6 9. Qd2 b5 10. Bb3 a5 11. a4 b4 12. Ne2 Qb6 13. h3 Ba6 14. Ng3 h6 15. Bxf6 Nxf6 16. Nf5 Kh7 17. g4 Rad8 18. Qe2 g6 19. Nxh6 Kxh6 {1-0 Bryakin,M (2455)-Argandona Riveiro,I (2344) Titled Tue 16th May Late 2023 (9)}) 5... Be7 ({RR} 5... g6 6. g3 Bg7 7. Bg2 O-O 8. O-O {½-½ Bozic,M (2427)-Sredojevic,I (2413) SRB-chT Kragujevac 2013 (10.3)}) 6. Be2 c6 7. O-O $146 ({RR} 7. fxe5 dxe5 8. Be3 Ng4 9. Qd2 Nxe3 10. Qxe3 O-O 11. O-O-O Qa5 12. d4 exd4 13. Qxd4 Bf6 14. Qe3 Re8 15. Nd2 b5 16. Nb3 Qb4 17. a3 Qe7 18. Nd2 a5 19. Kb1 b4 20. Na4 bxa3 21. bxa3 Rb8+ {0-1 Karambatos,S-Mitsakos,A Ambelokipi op 33rd 2001 (4)}) 7... b5 8. a3 Qb6+ 9. Kh1 O-O 10. Qe1 Ng4 11. Bd1 Ngf6 12. Be3 Qc7 13. d4 exd4 14. Nxd4 Nc5 15. Bf3 Ne8 16. Nxc6 Qxc6 17. e5 Qa6 18. Bxa8 Nc7 19. Bxc5 dxc5 20. Be4 Qh6 21. Qe3 Be6 22. Rad1 f6 23. Nd5 Nxd5 24. Bxd5 Bxd5 25. Rxd5 fxe5 26. Rxe5 Bf6 27. Re8 Bd4 28. Qb3+ c4 29. Qxb5 1-0

[Event "Olympiad Women 2024"]
[Site "Budapest HUN"]
[Date "2024.09.16"]
[Round "6.40"]
[Board "1"]
[White "Serina Arafat"]
[Black "Dornbusch, Tatiana"]
[Result "0-1"]
[WhiteElo "1552"]
[BlackElo "2212"]
[PlyCount "64"]
[EventDate "2024.09.11"]
[WhiteTeam "Jordan"]
[BlackTeam "Monaco"]
[WhiteTeamCountry "JOR"]
[BlackTeamCountry "MNC"]

1. d4 c5 2. e3 Nf6 3. Nf3 g6 4. b3 Bg7 5. Bb2 O-O 6. Be2 d5 7. Nbd2 cxd4 8. exd4 Nc6 9. O-O Bf5 10. a3 Rc8 11. c4 Ne4 12. Ne5 Nxe5 13. dxe5 Nxd2 14. Qxd2 dxc4 15. Qxd8 Rfxd8 16. Bxc4 b5 $146 ({RR} 16... Bd3 17. Rac1 Bxf1 18. Kxf1 b5 19. Be2 Bxe5 20. Rxc8 Rxc8 21. Bxe5 Rc1+ 22. Bd1 Rxd1+ 23. Ke2 Rb1 24. b4 Rb3 25. Ke1 {0-1 Kasoshvili,T (2112)-Sturua,Z (2525) EU-ch Seniors 50 Blitz 2014 (9)}) 17. Bxb5 Rc2 18. Bc1 Bxe5 19. Be3 Bxa1 20. Rxa1 a5 21. a4 Be6 22. Bb6 Ra8 23. Rb1 Rc3 24. h3 Rxb3 25. Rxb3 Bxb3 26. Kh2 Kf8 27. Kg3 Rc8 28. Kh4 Bxa4 29. Bxa4 Rc4+ 30. Kg3 Rxa4 31. f3 Ra2 32. Bd4 a4 0-1

[Event "Olympiad Women 2024"]
[Site "Budapest HUN"]
[Date "2024.09.16"]
[Round "6.40"]
[Board "2"]
[White "Zvereva, Marija"]
[Black "Jeda Helal"]
[Result "1-0"]
[WhiteElo "2035"]
[BlackElo "1569"]
[PlyCount "95"]
[EventDate "2024.09.11"]
[WhiteTeam "Monaco"]
[BlackTeam "Jordan"]
[WhiteTeamCountry "MNC"]
[BlackTeamCountry "JOR"]

1. e4 c6 2. d3 d5 3. Nd2 e5 4. g3 Nf6 5. Bg2 Bg4 6. Ngf3 Bd6 7. h3 Be6 8. O-O Nbd7 9. a4 a5 10. Re1 $146 ({RR} 10. b3 O-O 11. Bb2 Qc7 12. Re1 d4 13. Nh2 Ne8 14. g4 f6 15. Ndf1 Bb4 16. Re2 Nd6 17. Ng3 Kf7 18. Bc1 Rg8 19. f4 Ke7 20. f5 Bf7 21. Rf2 b5 22. Bd2 Bxd2 23. Qxd2 Nc5 24. Ra3 bxa4 {0-1 Qin,K (1139)-Liu,D (1638) North American-ch U16 2010 (7)}) 10... O-O 11. Ng5 h6 12. Nxe6 fxe6 13. Nf1 Nh7 14. Nh2 Bc5 15. Be3 Qb6 16. Ng4 Rf7 17. Bxc5 Qxc5 18. h4 Raf8 19. Rf1 Nhf6 20. Ne3 Nb6 21. Qe2 Kh8 22. Kh2 Qd6 23. b3 Nfd7 24. Rad1 Kg8 25. Bh3 Qe7 26. f3 Nc5 27. Ng4 Ncd7 28. Rd2 c5 29. Qd1 Rc8 30. Rdf2 c4 31. exd5 exd5 32. dxc4 dxc4 33. Ne3 cxb3 34. Nf5 Qf8 35. Nd6 bxc2 36. Qd2 c1=Q 37. Rxc1 Rxc1 38. Nxf7 Rc7 39. Be6 Kh7 40. Qd3+ g6 41. h5 Qg7 42. hxg6+ Kg8 43. Nxe5+ Kh8 44. Nf7+ Kg8 45. Nd6+ Kf8 46. Nf5 Qxg6 47. Qd6+ Ke8 48. Qe7# 1-0